000 00312nam a2200145Ia 4500
100 _aChappell/ Laura
942 _cBK
654 _acomputer
245 _aInt to Cisco Router Configuration
260 _bTechmedia
_aNONE
_c1999
082 _a4.65
_bCHA
300 _a534
546 _aENGLISH
999 _c27776
_d27776